Sanskrit-Texte aus dem buddhistischen Kanon / 1 Bearb. von Fumio Enomoto ..
| Contributors: | |
|---|---|
| Format: | Print Book |
| Language: | German English |
| Subito Delivery Service: | Order now. |
| Check availability: | HBZ Gateway |
| WorldCat: | WorldCat |
| Interlibrary Loan: | Interlibrary Loan for the Fachinformationsdienste (Specialized Information Services in Germany) |
| Published: |
Göttingen
Vandenhoeck u. Ruprecht
1989
|
| In: |
Sanskrit-Texte aus dem buddhistischen Kanon Neuentdeckungen und Neueditionen
Year: 1989 |
| Series/Journal: | Sanskrit-Wörterbuch der buddhistischen Texte aus den Turfan-Funden / Beiheft
2 |
| Parallel Edition: | Electronic
|
MARC
| LEADER | 00000cam a2200000 cc4500 | ||
|---|---|---|---|
| 001 | 1090633114 | ||
| 003 | DE-627 | ||
| 005 | 20240705194436.0 | ||
| 007 | tu | ||
| 008 | 900605s1989 xx ||||| 00| ||ger c | ||
| 016 | 7 | |a 891020292 |2 DE-101 | |
| 020 | |a 3525261519 |9 3-525-26151-9 | ||
| 035 | |a (DE-627)1090633114 | ||
| 035 | |a (DE-576)020633114 | ||
| 035 | |a (DE-599)DNB891020292 | ||
| 035 | |a (OCoLC)311264545 | ||
| 040 | |a DE-627 |b ger |c DE-627 |e rakwb | ||
| 041 | |a ger |a eng | ||
| 084 | |a 6,24 |a 0 |2 ssgn | ||
| 084 | |a EU 4710 |2 rvk |0 (DE-625)rvk/161454: | ||
| 245 | 0 | 0 | |a Sanskrit-Texte aus dem buddhistischen Kanon |n 1 |p Bearb. von Fumio Enomoto .. |
| 264 | 1 | |a Göttingen |b Vandenhoeck u. Ruprecht |c 1989 | |
| 300 | |a 100 S | ||
| 336 | |a Text |b txt |2 rdacontent | ||
| 337 | |a ohne Hilfsmittel zu benutzen |b n |2 rdamedia | ||
| 338 | |a Band |b nc |2 rdacarrier | ||
| 490 | 1 | |a Sanskrit-Wörterbuch der buddhistischen Texte aus den Turfan-Funden |a Beiheft |v 2 | |
| 500 | |a Text teilw. Sanskrit u. chines., teilw. Sanskrit u. tibet., Kommentar teilw. engl | ||
| 583 | 1 | |a Archivierung/Langzeitarchivierung gewährleistet |f SSG |x XA-DE-BW |2 pdager |5 DE-21 | |
| 601 | |a Buddhist | ||
| 700 | 1 | |a Enomoto, Fumio |4 oth | |
| 773 | 1 | 8 | |a Sanskrit-Texte aus dem buddhistischen Kanon Neuentdeckungen und Neueditionen |w (DE-627)1090632703 |w (DE-576)020632703 |g 1 |q 1 |7 nnam |
| 776 | 0 | 8 | |i Erscheint auch als |n Online-Ausgabe |t Sanskrit-Texte aus dem buddhistischen Kanon |d Göttingen : Vandenhoeck & Ruprecht, 1989 |h 100 S. |w (DE-627)1652415831 |w (DE-576)383318858 |z 3525261519 |k Electronic |
| 830 | 0 | |a Sanskrit-Wörterbuch der buddhistischen Texte aus den Turfan-Funden / Beiheft |v 2 |9 2 |w (DE-627)1090581017 |w (DE-576)020581017 |7 am | |
| 935 | |a mteo | ||
| 936 | r | v | |a EU 4710 |b Indices, Konkordanzen, Inhaltsangaben, Datenbanken |k Allgemeine und vergleichende Sprach- und Literaturwissenschaft. Indogermanistik. Außereuropäische Sprachen und Literaturen |k Indogermanische Sprachwissenschaft und Indologie |k Indische Sprachen und Literaturen |k Mittelindische Literatur (einschließlich buddhistischer und jainistischer Literatur in Sanskrit) |k Literatur des Buddhismus, Texte |k Indices, Konkordanzen, Inhaltsangaben, Datenbanken |0 (DE-627)1664631305 |0 (DE-625)rvk/161454: |
| 951 | |a MV | ||
| ELC | |b 1 | ||
| ITA | |a 1 |t 1 | ||
| LOK | |0 000 xxxxxcx a22 zn 4500 | ||
| LOK | |0 001 2145778497 | ||
| LOK | |0 003 DE-627 | ||
| LOK | |0 004 1090633114 | ||
| LOK | |0 005 19901029000000 | ||
| LOK | |0 008 901029||||||||||||||||ger||||||| | ||
| LOK | |0 040 |a DE-21 |c DE-627 |d DE-21 | ||
| LOK | |0 852 |a DE-21 | ||
| LOK | |0 852 1 |c 30 A 15871-1 |9 00 | ||
| LOK | |0 935 |a sued | ||
| LOK | |0 936ln |a s11.3 | ||
| LOK | |0 936ln |a s16.2 | ||
| LOK | |0 939 |a 29-10-90 |b l01 | ||
| LOK | |0 000 xxxxxcx a22 zn 4500 | ||
| LOK | |0 001 3025272694 | ||
| LOK | |0 003 DE-627 | ||
| LOK | |0 004 1090633114 | ||
| LOK | |0 005 20190711152157 | ||
| LOK | |0 008 180911||||||||||||||||ger||||||| | ||
| LOK | |0 040 |a DE-21-34 |c DE-627 |d DE-21-34 | ||
| LOK | |0 541 |e 135/89 | ||
| LOK | |0 689 |a s |a Buddhismus | ||
| LOK | |0 689 |a s |a Text | ||
| LOK | |0 689 |a s |a Sanskrit | ||
| LOK | |0 852 |p 605444977906 | ||
| LOK | |0 852 |a DE-21-34 | ||
| LOK | |0 852 1 |c Ma 89-1 |m p |9 00 | ||
| LOK | |0 852 2 |b Indologie |9 00 | ||
| LOK | |0 935 |a indo |a k034 | ||
| LOK | |0 938 |k p | ||
| LOK | |0 939 |a 11-09-18 |b l01 | ||
| LOK | |0 000 xxxxxcx a22 zn 4500 | ||
| LOK | |0 001 4426715326 | ||
| LOK | |0 003 DE-627 | ||
| LOK | |0 004 1090633114 | ||
| LOK | |0 005 20231218172750 | ||
| LOK | |0 008 231205||||||||||||||||ger||||||| | ||
| LOK | |0 040 |a DE-Tue135 |c DE-627 |d DE-Tue135 | ||
| LOK | |0 092 |o n | ||
| LOK | |0 852 |a DE-Tue135 | ||
| LOK | |0 852 1 |9 00 | ||
| LOK | |0 935 |a hdsa | ||
| LOK | |0 939 |a 05-12-23 |b l01 | ||
| ORI | |a SA-MARC-ixtheoa001.raw | ||
| REL | |a 1 | ||
| SUB | |a REL | ||